000
00307nam a2200133Ia 4500
008
221030s9999 xx 000 0 und d
041
_a
English
082
_a
105.23
100
_a
L A Ulrich
245
0
_a
Troubleshooting Microsoft EXCEL 2002
_c
by L A Ulrich
260
_c
0
650
_a
Mc
942
_c
BK
999
_c
11152
_d
11152